MARC details
| 000 -CABECERA |
| campo de control de longitud fija |
02278cam a22005537a 4500 |
| 001 - NÚMERO DE CONTROL |
| campo de control |
000087053 |
| 003 - IDENTIFICADOR DEL NÚMERO DE CONTROL |
| campo de control |
CHAP |
| 005 - FECHA Y HORA DE LA ÚLTIMA TRANSACCIÓN |
| campo de control |
20220901154927.0 |
| 008 - DATOS DE LONGITUD FIJA--INFORMACIÓN GENERAL |
| campo de control de longitud fija |
010214s2000 it b |rn 000|0 spa d |
| 010 ## - NÚMERO DE CONTROL DE LA BIBLIOTECA DEL CONGRESO |
| Número de control de LC |
83526 |
| 011 ## - ENLACE DEL NUMERO DE CONTROL DE LA BIBLIOTECA DEL CONGRESO [OBSOLETO] |
| Número de control de LC |
84498 |
| 020 ## - NÚMERO INTERNACIONAL ESTÁNDAR DEL LIBRO |
| Número Internacional Estándar del Libro |
92-5-304479-9 |
| 020 ## - NÚMERO INTERNACIONAL ESTÁNDAR DEL LIBRO |
| Número Internacional Estándar del Libro |
9253048158 |
| 035 ## - NÚMERO DE CONTROL DEL SISTEMA |
| Número de control de sistema |
95018 |
| 040 ## - FUENTE DE LA CATALOGACIÓN |
| Centro/agencia transcriptor |
CHAP |
| 090 ## - LOCALMENTE ASIGNADO TIPO-LC NÚMERO DE CLASIFICACIÓN (OCLC); NÚMERO DE CLASIFICACIÓN LOCAL (RLIN) |
| Número de clasificación (OCLC) (R) ; Numero de clasificación, CALL (RLIN) (NR) |
Folleto 16110y |
| 110 2# - ENTRADA PRINCIPAL--NOMBRE DE ENTIDAD CORPORATIVA |
| Nombre de entidad corporativa o nombre de jurisdicción como elemento de entrada |
FAO |
| 245 13 - MENCIÓN DE TÍTULO |
| Título |
El estado de la inseguridad alimentaria en el mundo : |
| Resto del título |
fortalecimiento de un entorno favorable para la seguridad alimentaria y la nutrición / |
| Mención de responsabilidad, etc. |
por FAO. |
| 260 ## - PUBLICACIÓN, DISTRIBUCIÓN, ETC. |
| Lugar de publicación, distribución, etc. |
Roma : |
| Nombre del editor, distribuidor, etc. |
FAO, |
| Fecha de publicación, distribución, etc. |
2000-. |
| 300 ## - DESCRIPCIÓN FÍSICA |
| Extensión |
v. : |
| Otras características físicas |
gráfs. ; mapas. |
| 500 ## - NOTA GENERAL |
| Nota general |
La biblioteca tiene: 2000, 2001, 2002, 2003, 2005, 2006, (+1 mapa), 2008,2009, 2010, 2011, 2012, 2014 |
| 590 ## - NOTA LOCAL (RLIN) |
| Nota local |
BATCH-UPD |
| Procedencia (VM) [OBSOLETO] |
10 |
| Condición del los carretes individuales (VM) [OBSOLETO] |
20130110 |
| 590 ## - NOTA LOCAL (RLIN) |
| Nota local |
BATCH-UPD |
| Procedencia (VM) [OBSOLETO] |
10 |
| Condición del los carretes individuales (VM) [OBSOLETO] |
20130410 |
| 590 ## - NOTA LOCAL (RLIN) |
| Nota local |
BATCH-UPD |
| Procedencia (VM) [OBSOLETO] |
10 |
| Condición del los carretes individuales (VM) [OBSOLETO] |
20130914 |
| 590 ## - NOTA LOCAL (RLIN) |
| Nota local |
CONVERSION |
| Procedencia (VM) [OBSOLETO] |
10 |
| Condición del los carretes individuales (VM) [OBSOLETO] |
20130109 |
| 590 ## - NOTA LOCAL (RLIN) |
| Nota local |
E5995AHE |
| Procedencia (VM) [OBSOLETO] |
05 |
| Condición del los carretes individuales (VM) [OBSOLETO] |
20140224 |
| 590 ## - NOTA LOCAL (RLIN) |
| Nota local |
E5995AHE |
| Procedencia (VM) [OBSOLETO] |
05 |
| Condición del los carretes individuales (VM) [OBSOLETO] |
20151208 |
| 590 ## - NOTA LOCAL (RLIN) |
| Nota local |
E5995AHE |
| Procedencia (VM) [OBSOLETO] |
05 |
| Condición del los carretes individuales (VM) [OBSOLETO] |
20151208 |
| 590 ## - NOTA LOCAL (RLIN) |
| Nota local |
E5995AHE |
| Procedencia (VM) [OBSOLETO] |
05 |
| Condición del los carretes individuales (VM) [OBSOLETO] |
20151208 |
| 650 14 - PUNTO DE ACCESO ADICIONAL DE MATERIA--TÉRMINO DE MATERIA |
| Término de materia o nombre geográfico como elemento de entrada |
Alimentos |
| Subdivisión general |
Abastecimiento. |
| 650 14 - PUNTO DE ACCESO ADICIONAL DE MATERIA--TÉRMINO DE MATERIA |
| Término de materia o nombre geográfico como elemento de entrada |
Desnutrición. |
| 9 (RLIN) |
32165 |
| 650 14 - PUNTO DE ACCESO ADICIONAL DE MATERIA--TÉRMINO DE MATERIA |
| Término de materia o nombre geográfico como elemento de entrada |
Pobreza. |
| 9 (RLIN) |
89463 |
| 650 14 - PUNTO DE ACCESO ADICIONAL DE MATERIA--TÉRMINO DE MATERIA |
| Término de materia o nombre geográfico como elemento de entrada |
Subalimentación. |
| 9 (RLIN) |
110135 |
| 650 14 - PUNTO DE ACCESO ADICIONAL DE MATERIA--TÉRMINO DE MATERIA |
| Término de materia o nombre geográfico como elemento de entrada |
Yuca |
| Subdivisión general |
Investigación. |
| 9 (RLIN) |
123288 |
| 901 ## - ELEMENTOS DE DATOS A LOCAL LDA (RLIN) |
| a |
BK |
| 905 ## - ELEMENTOS DE DATOS E LOCAL, LDE (RLIN) |
| a |
Patricia Mendoza P. |
| 942 ## - ELEMENTOS DE PUNTO DE ACCESO ADICIONAL (KOHA) |
| Tipo de ítem Koha |
Folleto |
| Fuente del sistema de clasificación o colocación |
Clasificación Universidad Autónoma de Chapingo |
| 942 ## - ELEMENTOS DE PUNTO DE ACCESO ADICIONAL (KOHA) |
| Suprimir en OPAC |
0 |
| Fuente del sistema de clasificación o colocación |
Dewey Decimal Classification |
| 949 ## - PROCESAMIENTO DE INFORMACIÓN LOCAL (OCLC) |
| a |
Folleto 16110y |
| b |
BC |
| c |
FOLL |
| d |
33724000879961 |
| e |
FAO1 |
| f |
(2001) |
| g |
DonaciØn |
| i |
95018 |
| s |
b |
| 949 ## - PROCESAMIENTO DE INFORMACIÓN LOCAL (OCLC) |
| a |
Folleto 16110y |
| b |
BC |
| c |
FOLL |
| d |
33724000984456 |
| e |
FAO1 |
| f |
(2005) |
| g |
DonaciØn |
| i |
95018 |
| s |
b |
| 949 ## - PROCESAMIENTO DE INFORMACIÓN LOCAL (OCLC) |
| a |
Folleto 16110y |
| b |
BC |
| c |
FOLL |
| d |
33724002030363 |
| e |
FAO1 |
| f |
(2006) |
| g |
DonaciØn |
| i |
95018 |
| s |
b |
| 949 ## - PROCESAMIENTO DE INFORMACIÓN LOCAL (OCLC) |
| a |
Folleto 16110y |
| b |
BC |
| c |
FOLL |
| d |
33724002065454 |
| e |
FAO1 |
| f |
(2000) |
| g |
DonaciØn |
| i |
95018 |
| s |
b |
| 949 ## - PROCESAMIENTO DE INFORMACIÓN LOCAL (OCLC) |
| a |
Folleto 16110y |
| b |
BC |
| c |
FOLL |
| d |
33724002065496 |
| e |
FAO1 |
| f |
(2002) |
| g |
DonaciØn |
| i |
95018 |
| s |
b |
| 949 ## - PROCESAMIENTO DE INFORMACIÓN LOCAL (OCLC) |
| a |
Folleto 16110y |
| b |
BC |
| c |
FOLL |
| d |
33724002086743 |
| e |
FAO1 |
| f |
(2003) |
| g |
DonaciØn |
| i |
95018 |
| s |
b |
| 949 ## - PROCESAMIENTO DE INFORMACIÓN LOCAL (OCLC) |
| a |
Folleto 16110y |
| b |
BC |
| c |
FOLL |
| d |
33724002096512 |
| e |
FAO1 |
| f |
(2008) |
| g |
DonaciØn |
| i |
95018 |
| s |
b |
| 949 ## - PROCESAMIENTO DE INFORMACIÓN LOCAL (OCLC) |
| a |
Folleto 16110y |
| b |
BC |
| c |
FOLL |
| d |
33724002161355 |
| e |
FAO1 |
| f |
(2009) |
| g |
DonaciØn |
| i |
95018 |
| s |
b |
| 949 ## - PROCESAMIENTO DE INFORMACIÓN LOCAL (OCLC) |
| a |
Folleto 16110y |
| b |
BC |
| c |
FOLL |
| d |
33724002232819 |
| e |
FAO1 |
| f |
(2010) |
| g |
DonaciØn |
| i |
95018 |
| s |
b |
| 949 ## - PROCESAMIENTO DE INFORMACIÓN LOCAL (OCLC) |
| a |
Folleto 16110y |
| b |
BC |
| c |
FOLL |
| d |
33724002318595 |
| e |
FAO1 |
| f |
(2011) |
| g |
DonaciØn |
| i |
95018 |
| s |
b |